000 00953nam a2200277 i 4500
003 DO-SdBNP
005 20260302114739.0
007 ta
008 230627b2022 dr ||||| |||| 00| 0 spa d
020 _a9789945510218
040 _aDO-SdBNP
_bspa
_cBNPHU
_erda
082 4 _aRD861.44
_bB333p
_222
100 1 _aAcosta, José,
_d1964-
_eautor
_924351
245 1 0 _aPoema con fines de humo :
_bpoesía /
_cLeón Félix Batista ; corrección Clara Dobarro
264 _aSanto Domingo :
_bNacional,
_c2022.
300 _a61 páginas ;
_c21 cm.
490 _aPoesía
500 _aIncluye datos biográficos del autor en la solapa de la cubierta
586 _aPremio Anual de Poesía Salomé Ureña de Henríquez 2021.
590 _aInventariado, 2023/BT
650 _aPoesía dominicana
650 _aLiteratura dominicana
700 1 _aDobarro, Clara,
_ecorrección
_934619
910 _aBtavárez/Validado. Control de calidad MFF
942 _2ddc
_cLBS1
999 _c53978
_d53978